[Event "IV Weekend A"]
[Site "Trieste ITA"]
[Date "2002.10.26"]
[Round "1"]
[White "Miele, Roberto"]
[Black "Pirona, Dario"]
[WhiteElo "1705"]
[BlackElo "1812"]
[Result "1-0"]
[PlyCount "85"]
[EventDate "2002.10.26"]

1. e4 d5 2. Nc3 d4 3. Nb1 e5 4. Bc4 Nf6 5. d3 c6 6. Ne2 a5 7. a3 h6 8. Nd2 b5
9. Ba2 Bd6 10. O-O O-O 11. Ng3 g6 12. Nf3 Kg7 13. h3 Ng8 14. Qd2 Qe7 15. Nh2 h5
16. Nf3 Be6 17. Bxe6 Qxe6 18. Qg5 Kh7 19. Qd2 Be7 20. Qe2 h4 21. Nh1 Kg7 22.
Ng5 Qd7 23. f4 Bxg5 24. fxg5 Qe6 25. Qf2 Rd8 26. Qxh4 Na6 27. Nf2 Kf8 28. Ng4
Nc5 29. Nf6 Ke7 30. Bd2 Nd7 31. Nxd7 Kxd7 32. Rf3 Rf8 33. Raf1 Kc7 34. Qh7 Kb6
35. Rxf7 Rfb8 36. Rg7 Qe8 37. Rff7 Qd8 38. Rb7+ Ka6 39. Ra7+ Rxa7 40. Rxa7+ Kb6
41. Bxa5+ Kc5 42. Bxd8 Rxd8 43. b4+ 1-0

[Event "IV Weekend A"]
[Site "Trieste ITA"]
[Date "2002.10.26"]
[Round "1"]
[White "Pugnetti, Sergio"]
[Black "De Val, Daniele"]
[WhiteElo "1758"]
[BlackElo "1969"]
[Result "0-1"]
[PlyCount "143"]
[EventDate "2002.10.26"]

1. e4 Nc6 2. d4 e5 3. dxe5 Nxe5 4. Nf3 Nxf3+ 5. Qxf3 Qf6 6. Be2 Bb4+ 7. c3 Qxf3
8. Bxf3 Bc5 9. O-O d6 10. Re1 Ne7 11. Be3 Bxe3 12. Rxe3 Nc6 13. Nd2 Be6 14. Nb3
Bxb3 15. axb3 O-O 16. Be2 a6 17. Bc4 Ne5 18. Bd5 Rab8 19. f4 Ng4 20. Re2 Rfe8
21. Rae1 Re7 22. e5 dxe5 23. Bf3 Nf6 24. Rxe5 Rxe5 25. Rxe5 Kf8 26. Kf2 c6 27.
Ke3 Nd7 28. Re4 Nc5 29. Rb4 Rd8 30. Bg4 g6 31. f5 h5 32. Bf3 Rd7 33. fxg6 fxg6
34. Rf4+ Kg7 35. b4 Na4 36. g4 hxg4 37. Bxg4 Re7+ 38. Kd4 Nxb2 39. c4 b6 40.
Rf2 Nxc4 41. Bc8 Nd6 42. Bxa6 Nf5+ 43. Kc3 Re3+ 44. Bd3 Kf6 45. Rg2 Re1 46. Kd2
Ra1 47. Be4 Ra2+ 48. Kd3 Ra3+ 49. Kd2 Ra2+ 50. Kd3 Rxg2 51. Bxg2 Ne7 52. Kd4
Ke6 53. Bf3 Kd6 54. Bg2 Nd5 55. Be4 g5 56. Kc4 b5+ 57. Kb3 Ke5 58. Bg6 Nf6 59.
Bf7 Ng4 60. Be8 Kd6 61. Bh5 Nxh2 62. Kc3 Nf1 63. Kd3 c5 64. bxc5+ Kxc5 65. Be2
Ng3 66. Bg4 b4 67. Kc2 Ne4 68. Be6 Kd4 69. Bc8 Nc5 70. Bh3 Ke3 71. Kd1 Kf3 72.
Bf5 0-1

[Event "IV Weekend A"]
[Site "Trieste ITA"]
[Date "2002.10.26"]
[Round "1"]
[White "Smargiassi, Enrico"]
[Black "Brunato, Davide"]
[WhiteElo "1911"]
[BlackElo "1717"]
[Result "1/2-1/2"]
[PlyCount "161"]
[EventDate "2002.10.26"]

1. d4 d5 2. c4 e6 3. Nc3 Nf6 4. Bg5 Bb4 5. Qa4+ Nc6 6. e3 Bd7 7. Qc2 Be7 8. Nf3
O-O 9. Bxf6 Bxf6 10. cxd5 Nb4 11. Qb3 c5 12. dxc6 Nxc6 13. Be2 Na5 14. Qc2 Rc8
15. O-O b5 16. b4 Nc4 17. Qb3 Bc6 18. Rfd1 Qb6 19. Nd2 Nxd2 20. Rxd2 a6 21. Rc1
Qb7 22. f3 Rfd8 23. Qd1 g6 24. Bd3 Qb6 25. Be4 Be7 26. Qb3 Bxe4 27. fxe4 Rc4
28. a3 e5 29. Rcd1 exd4 30. Nd5 Qe6 31. Rxd4 Rxd4 32. exd4 Qxe4 33. Nxe7+ Qxe7
34. d5 Qe5 35. h3 h5 36. Kh1 Rd6 37. a4 bxa4 38. Qxa4 Kg7 39. Qb3 Kg8 40. Qd3
Kg7 41. Rd2 Qa1+ 42. Kh2 Qe5+ 43. g3 h4 44. Kg2 hxg3 45. Ra2 Rxd5 46. Qxg3
Qxg3+ 47. Kxg3 Rd3+ 48. Kg2 Rb3 49. Rxa6 Rxb4 50. Kg3 g5 51. Rc6 f6 52. Ra6 Kg6
53. Rc6 Rd4 54. Ra6 Rc4 55. Rb6 Kf5 56. Rb3 Rd4 57. Rb6 Rd3+ 58. Kg2 Ke4 59.
Rb2 f5 60. Re2+ Kf4 61. Rf2+ Ke4 62. Re2+ Re3 63. Ra2 f4 64. Ra4+ Kf5 65. Ra5+
Kg6 66. Rb5 Rg3+ 67. Kh2 Kh5 68. Rb8 Re3 69. Rh8+ Kg6 70. Ra8 Re2+ 71. Kg1 Kf5
72. Ra4 f3 73. Rb4 Re4 74. Rb2 Kf4 75. Kf1 Kg3 76. Rb5 g4 77. hxg4 Kxg4 78. Rb8
Re2 79. Rg8+ Kf4 80. Rf8+ Ke3 81. Re8+ 1/2-1/2

[Event "IV Weekend A"]
[Site "Trieste ITA"]
[Date "2002.10.27"]
[Round "2"]
[White "Bortolin, Bruno"]
[Black "Stantic, Severino"]
[WhiteElo "1770"]
[BlackElo "2122"]
[Result "1/2-1/2"]
[PlyCount "92"]
[EventDate "2002.10.26"]

1. e4 c5 2. Nc3 e6 3. Nge2 a6 4. g3 b5 5. Bg2 Bb7 6. O-O Nf6 7. d3 Qc7 8. h3
Nc6 9. Be3 Be7 10. Nf4 Nd4 11. Nfe2 b4 12. Nb1 Nxe2+ 13. Qxe2 d5 14. Bf4 e5 15.
Bg5 dxe4 16. dxe4 O-O 17. Nd2 Bc6 18. Rfe1 h6 19. Bxf6 Bxf6 20. Nc4 Rfd8 21.
Rad1 Bb5 22. Bf1 Rd4 23. Rxd4 cxd4 24. b3 Rc8 25. Qg4 Bd7 26. Qf3 a5 27. Kh2 a4
28. Bd3 axb3 29. axb3 Ra8 30. Qh1 Qa7 31. Qf1 Be6 32. f3 Qc7 33. Ra1 Rb8 34.
Ra2 g5 35. Qa1 Kg7 36. Kg2 Qc8 37. g4 h5 38. Nd6 Qh8 39. Ra7 Kg6 40. Qa6 hxg4
41. fxg4 Qh7 42. Ra8 Qh8 43. Ra7 Qd8 44. Nc4 Qh8 45. Qa5 Qg7 46. Ra8 Qg8
1/2-1/2

[Event "IV Weekend A"]
[Site "Trieste ITA"]
[Date "2002.10.27"]
[Round "2"]
[White "De Val, Daniele"]
[Black "Miele, Roberto"]
[WhiteElo "1969"]
[BlackElo "1705"]
[Result "1-0"]
[PlyCount "75"]
[EventDate "2002.10.26"]

1. d4 Nf6 2. c4 g6 3. Nc3 Bg7 4. e4 d6 5. f4 O-O 6. Nf3 Bg4 7. Be2 Bxf3 8. Bxf3
e5 9. fxe5 dxe5 10. d5 Ne8 11. O-O Nd7 12. Be3 Qe7 13. a3 Nd6 14. Qd3 b6 15. b4
Nb7 16. Na4 f5 17. Qc2 f4 18. Bf2 Nf6 19. c5 g5 20. Qe2 Qe8 21. Nc3 a5 22. g4
fxg3 23. hxg3 Qg6 24. Nb5 Rf7 25. d6 cxd6 26. c6 Nd8 27. c7 Ne6 28. Rac1 Rc8
29. Nxd6 Rcxc7 30. Nxf7 Rxf7 31. Rc8+ Bf8 32. Qc4 Nd4 33. Bxd4 exd4 34. e5 b5
35. Qe6 Qd3 36. exf6 g4 37. Rxf8+ Kxf8 38. Qc8# 1-0

[Event "IV Weekend A"]
[Site "Trieste ITA"]
[Date "2002.10.27"]
[Round "2"]
[White "Nedimovic, Ljubisa"]
[Black "Arcion, Riccardo"]
[WhiteElo "2169"]
[BlackElo "1816"]
[Result "1/2-1/2"]
[PlyCount "47"]
[EventDate "2002.10.26"]

1. d4 Nf6 2. c4 e6 3. Nc3 Bb4 4. e3 d5 5. cxd5 Nxd5 6. Bd2 O-O 7. Nf3 c5 8. Bd3
cxd4 9. exd4 h6 10. O-O Nc6 11. Rc1 Nf6 12. Be3 Bd6 13. Bb1 a6 14. Qd2 Re8 15.
Rfd1 Nb4 16. Ne5 Bd7 17. a3 Nbd5 18. Qd3 Qe7 19. h3 Rac8 20. Nxd5 exd5 21. Bf4
Rxc1 22. Rxc1 Rc8 23. Rxc8+ Bxc8 24. Qf3 1/2-1/2

[Event "IV Weekend A"]
[Site "Trieste ITA"]
[Date "2002.10.27"]
[Round "2"]
[White "Pirona, Dario"]
[Black "Pugnetti, Sergio"]
[WhiteElo "1812"]
[BlackElo "1758"]
[Result "0-1"]
[PlyCount "98"]
[EventDate "2002.10.26"]

1. e4 d5 2. exd5 Nf6 3. d4 Bg4 4. Nf3 Nxd5 5. c4 Nb6 6. Be3 e6 7. Bd3 Nc6 8.
Be2 Be7 9. O-O Qd7 10. Ne5 Nxe5 11. Bxg4 Nexc4 12. b3 Nd6 13. Nc3 c6 14. Qf3
Bf6 15. Rad1 O-O 16. Qg3 Nd5 17. Nxd5 cxd5 18. Bf4 Ne4 19. Qh3 Rac8 20. Rd3 Rc2
21. a4 Rfc8 22. Bf3 Nd6 23. Be5 Qe7 24. Qg3 Nf5 25. Qh3 Bxe5 26. dxe5 Qg5 27.
Bg4 Nh6 28. Bd1 Rc1 29. f4 Qe7 30. g4 Qc5+ 31. Kh1 d4 32. Qf3 b6 33. h3 Rc3 34.
Be2 g6 35. Qe4 Rxd3 36. Bxd3 Kf8 37. Bc4 Ke7 38. Rd1 Rd8 39. Kg2 Kf8 40. Kg3
Ng8 41. f5 exf5 42. gxf5 Ne7 43. f6 Nf5+ 44. Kf4 d3 45. Kf3 Qc6 46. Rxd3 Rxd3+
47. Bxd3 Nd4+ 48. Ke3 Qxe4+ 49. Kxe4 Nxb3 0-1

[Event "IV Weekend A"]
[Site "Trieste ITA"]
[Date "2002.10.27"]
[Round "2"]
[White "Punteri, Marco"]
[Black "Capaliku, Aleks"]
[WhiteElo "1885"]
[BlackElo "1786"]
[Result "0-1"]
[PlyCount "96"]
[EventDate "2002.10.26"]

1. d4 f5 2. g3 Nf6 3. Bg2 e6 4. c4 d5 5. Nf3 c6 6. O-O Bd6 7. b3 O-O 8. Ba3 Ne4
9. Bxd6 Qxd6 10. Qc2 Nd7 11. Nc3 b6 12. Rac1 Bb7 13. Qd3 Rac8 14. Nd2 Rfd8 15.
cxd5 exd5 16. f3 Nxc3 17. Rxc3 g6 18. e4 dxe4 19. Qc4+ Kg7 20. fxe4 b5 21. Qe2
Qxd4+ 22. Re3 Ne5 23. Nf3 Nxf3+ 24. Qxf3 c5 25. Qe2 fxe4 26. Kh1 Rc7 27. Re1 c4
28. bxc4 bxc4 29. Bxe4 Re8 30. Bxb7 Rxe3 31. Qxe3 Qxe3 32. Rxe3 Rxb7 33. Rc3
Rc7 34. Kg2 Kf6 35. Kf3 Ke5 36. Ke3 Kd5 37. Rc1 Re7+ 38. Kd2 Kd4 39. Rf1 c3+
40. Kd1 Kd3 41. Rf3+ Re3 42. Rf2 c2+ 43. Rxc2 Re1+ 44. Kxe1 Kxc2 45. Ke2 Kb2
46. Kd2 Kxa2 47. Kc2 h5 48. h3 g5 0-1

[Event "IV Weekend A"]
[Site "Trieste ITA"]
[Date "2002.10.27"]
[Round "2"]
[White "Ruzzier, Dario"]
[Black "Brunato, Davide"]
[WhiteElo "1996"]
[BlackElo "1717"]
[Result "1-0"]
[PlyCount "73"]
[EventDate "2002.10.26"]

1. d4 d5 2. c4 e6 3. Nc3 Nf6 4. Bg5 Bb4 5. e3 O-O 6. Nf3 h6 7. Bh4 b6 8. cxd5
exd5 9. Bd3 Bb7 10. O-O Nbd7 11. Rc1 Be7 12. Bb1 Ne4 13. Bxe7 Qxe7 14. Qb3 c6
15. Rfd1 Rfc8 16. a4 Nxc3 17. Rxc3 g6 18. Re1 c5 19. h3 c4 20. Qd1 f5 21. Kh1
Kh7 22. Ng1 Nf6 23. f3 Qb4 24. Qc2 Re8 25. g4 Bc8 26. h4 Qd6 27. Ne2 Bd7 28.
Nf4 g5 29. hxg5 hxg5 30. Qh2+ Kg8 31. Qh6 gxf4 32. gxf5 Kf7 33. Rg1 Rg8 34.
Rcc1 Rxg1+ 35. Rxg1 Rg8 36. Rg6 fxe3 37. Qxe3 1-0

[Event "IV Weekend A"]
[Site "Trieste ITA"]
[Date "2002.10.27"]
[Round "2"]
[White "Varini, Massimo"]
[Black "Fantini, Marco"]
[WhiteElo "2087"]
[BlackElo "1707"]
[Result "1-0"]
[PlyCount "21"]
[EventDate "2002.10.26"]

1. e4 e6 2. d4 d5 3. e5 c5 4. Qg4 cxd4 5. Bd3 Ne7 6. Nf3 Nbc6 7. O-O Bd7 8. a3
Qc7 9. Qg3 Nf5 10. Bxf5 exf5 11. e6 1-0

[Event "IV Weekend A"]
[Site "Trieste ITA"]
[Date "2002.10.27"]
[Round "3"]
[White "Brunato, Davide"]
[Black "Miele, Roberto"]
[WhiteElo "1717"]
[BlackElo "1705"]
[Result "0-1"]
[PlyCount "114"]
[EventDate "2002.10.26"]

1. d4 Nf6 2. c4 g6 3. Nc3 Bg7 4. e4 d6 5. Nf3 O-O 6. Be2 e5 7. d5 Nbd7 8. O-O
Nc5 9. Qc2 Nh5 10. b4 Na6 11. Rb1 f5 12. Ne1 Nf6 13. f3 f4 14. Nd3 Rf7 15. c5
Bf8 16. Na4 g5 17. b5 Nb8 18. c6 h5 19. Ne1 g4 20. Nc3 b6 21. a4 Rg7 22. Kh1 g3
23. h3 Nh7 24. Rg1 Qh4 25. Bf1 Ng5 26. Rb2 Bxh3 27. gxh3 Nxh3 28. Bxh3 Qxh3+
29. Qh2 gxh2 30. Rxh2 Qc8 31. Rxh5 Rxg1+ 32. Kxg1 a6 33. Bb2 axb5 34. axb5 Qe8
35. Rh4 Be7 36. Rg4+ Kf7 37. Nd3 Qh8 38. Kg2 Bh4 39. Ne2 Ra2 40. Nec1 Ra5 41.
Rxf4+ Ke7 42. Rg4 Rxb5 43. Bc3 Na6 44. f4 Bf6 45. fxe5 Bxe5 46. Nxe5 dxe5 47.
Rg5 Qh4 48. Rxe5+ Kd8 49. Re6 Qg4+ 50. Kf2 Qh4+ 51. Kg2 Qg5+ 52. Kf3 Qh5+ 53.
Kg3 Nc5 54. Bf6+ Kc8 55. Re5 Qg6+ 56. Bg5 Nxe4+ 57. Kf4 Nxg5 0-1

[Event "IV Weekend A"]
[Site "Trieste ITA"]
[Date "2002.10.27"]
[Round "3"]
[White "Capaliku, Aleks"]
[Black "Fantini, Marco"]
[WhiteElo "1786"]
[BlackElo "1707"]
[Result "1/2-1/2"]
[PlyCount "74"]
[EventDate "2002.10.26"]

1. f4 d5 2. Nf3 c5 3. e3 g6 4. d4 Bg7 5. c3 Nf6 6. Bd3 O-O 7. O-O b6 8. Qe2 Bg4
9. Nbd2 Nc6 10. h3 Bxf3 11. Qxf3 c4 12. Bxc4 Nxd4 13. exd4 dxc4 14. Nxc4 b5 15.
Ne5 Qd6 16. a3 e6 17. Qc6 Qd5 18. Qxd5 Nxd5 19. Bd2 Rfc8 20. Rac1 Nb6 21. g4
Bh6 22. Rcd1 f6 23. Nd3 Nc4 24. Bc1 Bf8 25. f5 exf5 26. gxf5 g5 27. h4 h6 28.
Rde1 Re8 29. Re6 Kf7 30. hxg5 hxg5 31. Rxe8 Rxe8 32. Nc5 Re2 33. Ne6 Bd6 34.
Nd8+ Ke8 35. Nc6 a6 36. Nb4 Bxb4 37. axb4 Kd7 1/2-1/2

[Event "IV Weekend A"]
[Site "Trieste ITA"]
[Date "2002.10.27"]
[Round "3"]
[White "De Val, Daniele"]
[Black "Varini, Massimo"]
[WhiteElo "1969"]
[BlackElo "2087"]
[Result "1/2-1/2"]
[PlyCount "82"]
[EventDate "2002.10.26"]

1. d4 Nf6 2. c4 g6 3. Nc3 Bg7 4. e4 d6 5. f4 O-O 6. Nf3 c5 7. d5 e6 8. Be2 exd5
9. e5 dxe5 10. fxe5 Ng4 11. Bg5 f6 12. exf6 Bxf6 13. Qxd5+ Qxd5 14. Nxd5 Bxg5
15. Nxg5 Nc6 16. Nc7 Rb8 17. Nge6 Bxe6 18. Nxe6 Rfe8 19. Bxg4 Nd4 20. O-O-O
Nxe6 21. Rd5 Nf4 22. Rd7 Nxg2 23. Bf3 Nf4 24. Rhd1 Ne2+ 25. Kb1 b6 26. Rxa7 Nd4
27. Bd5+ Kh8 28. h4 Re5 29. a4 Rf8 30. a5 bxa5 31. Rxa5 Rb8 32. Ra8 Rxa8 33.
Bxa8 Rh5 34. b4 Rxh4 35. bxc5 Ne6 36. c6 Rxc4 37. Rd6 Nf8 38. Kb2 g5 39. Rd5 h6
40. Kb3 Rc1 41. Kb2 Rc4 1/2-1/2

[Event "IV Weekend A"]
[Site "Trieste ITA"]
[Date "2002.10.27"]
[Round "3"]
[White "Pirona, Dario"]
[Black "Badiali, Carlo"]
[WhiteElo "1812"]
[BlackElo "1705"]
[Result "1/2-1/2"]
[PlyCount "91"]
[EventDate "2002.10.26"]

1. e4 c5 2. Nf3 Nc6 3. Bc4 e6 4. Nc3 Qc7 5. O-O d6 6. a3 Nf6 7. Re1 Be7 8. Ba2
O-O 9. d4 cxd4 10. Nxd4 a6 11. Nxc6 Qxc6 12. Qf3 b5 13. Bg5 Bb7 14. Re3 Rad8
15. Rae1 Rfe8 16. Bb3 Nd7 17. Qg4 Bxg5 18. Qxg5 Qc5 19. Qh4 Nf8 20. Rg3 Rd7 21.
Rg5 Qd4 22. Re3 Rc8 23. h3 Rc5 24. Reg3 Ng6 25. Qg4 Rxg5 26. Qxg5 Qe5 27. Qe3
Qc5 28. Qd2 Ne5 29. Kh2 Nc4 30. Bxc4 Qxc4 31. e5 Qc6 32. Qg5 g6 33. Qf6 dxe5
34. Qxe5 Rd2 35. Rf3 Qd6 36. Qxd6 Rxd6 37. Rd3 Rxd3 38. cxd3 f5 39. f4 Kf7 40.
Kg1 Kf6 41. Kf2 e5 42. g3 h6 43. h4 g5 44. Ke3 exf4+ 45. gxf4 gxh4 46. Kf2
1/2-1/2

[Event "IV Weekend A"]
[Site "Trieste ITA"]
[Date "2002.10.27"]
[Round "3"]
[White "Pugnetti, Sergio"]
[Black "Ruzzier, Dario"]
[WhiteElo "1758"]
[BlackElo "1996"]
[Result "1/2-1/2"]
[PlyCount "38"]
[EventDate "2002.10.26"]

1. e4 e5 2. Nf3 Nc6 3. Bc4 Bc5 4. c3 d6 5. d4 exd4 6. cxd4 Bb6 7. h3 Nf6 8. O-O
Nxe4 9. Re1 O-O 10. Rxe4 d5 11. Bxd5 Qxd5 12. Nc3 Qd8 13. d5 Ne7 14. Bf4 Bf5
15. Re2 Ng6 16. Bg3 Re8 17. Rd2 Qe7 18. d6 cxd6 19. Bxd6 Qf6 1/2-1/2

[Event "IV Weekend A"]
[Site "Trieste ITA"]
[Date "2002.10.27"]
[Round "3"]
[White "Smargiassi, Enrico"]
[Black "Nedimovic, Ljubisa"]
[WhiteElo "1911"]
[BlackElo "2169"]
[Result "0-1"]
[PlyCount "60"]
[EventDate "2002.10.26"]

1. d4 f5 2. Nc3 d5 3. Bg5 c6 4. e3 Be6 5. Bd3 Nd7 6. Nge2 g6 7. f3 h6 8. Bh4
Qb6 9. Qd2 Bf7 10. e4 e6 11. O-O-O Be7 12. Bf2 O-O-O 13. g4 fxg4 14. fxg4 Ne5
15. dxe5 Qxf2 16. Rhf1 Qxh2 17. Rxf7 Qxe5 18. exd5 Bg5 19. Nf4 Nf6 20. Nce2
Nxd5 21. Kb1 Qb8 22. Rf1 Rhf8 23. Bxg6 Nxf4 24. Nxf4 Rxf7 25. Qxd8+ Kxd8 26.
Nxe6+ Ke7 27. Bxf7 Bf6 28. Nf4 Kxf7 29. Nh5 Qe5 30. Nxf6 Qxf6 0-1

[Event "IV Weekend A"]
[Site "Trieste ITA"]
[Date "2002.10.27"]
[Round "3"]
[White "Stantic, Severino"]
[Black "Arcion, Riccardo"]
[WhiteElo "2122"]
[BlackElo "1816"]
[Result "1/2-1/2"]
[PlyCount "148"]
[EventDate "2002.10.26"]

1. c4 Nf6 2. Nc3 c5 3. Nf3 e6 4. g3 d5 5. cxd5 exd5 6. d4 Nc6 7. Bg2 Be7 8. O-O
O-O 9. h3 Be6 10. Kh2 Ne4 11. dxc5 Nxc5 12. Be3 Ne4 13. Rc1 Rc8 14. Nd4 Nxc3
15. Rxc3 Bf6 16. Nxc6 bxc6 17. Bd4 Be7 18. Bc5 Bxc5 19. Rxc5 Qb6 20. Qd4 Rb8
21. b3 Qa6 22. Qd2 Rb5 23. Rfc1 Rxc5 24. Rxc5 h6 25. e3 Rb8 26. Ra5 Qb6 27. Qc3
Rb7 28. Rc5 Bd7 29. e4 Be6 30. Qc2 d4 31. Rxc6 Qb5 32. Rc5 Qb4 33. Bf1 Qe1 34.
Qe2 Qb4 35. Rc2 a5 36. Qd2 a4 37. Bc4 Bxc4 38. bxc4 Qxd2 39. Rxd2 a3 40. Rxd4
Rb2 41. Kg2 Rxa2 42. Rd8+ Kh7 43. Kf3 Rc2 44. Ra8 a2 45. Ke3 a1=Q 46. Rxa1 Rxc4
47. Ra3 h5 48. f4 Rc1 49. g4 Rh1 50. Kf2 h4 51. Rf3 Ra1 52. f5 f6 53. Ke3 Rc1
54. Ke2 Ra1 55. Re3 Ra2+ 56. Kf1 Rh2 57. Kg1 Ra2 58. e5 fxe5 59. Rxe5 Ra3 60.
Kg2 Rg3+ 61. Kh2 Ra3 62. f6 gxf6 63. Rh5+ Kg6 64. Rxh4 Ra2+ 65. Kg3 Ra3+ 66.
Kf2 Ra2+ 67. Ke3 Ra3+ 68. Ke4 Ra4+ 69. Kd5 Ra5+ 70. Kc4 Ra4+ 71. Kb5 Rf4 72.
Kc6 f5 73. Kd5 fxg4 74. Rxg4+ Rxg4 1/2-1/2

[Event "IV Weekend A"]
[Site "Trieste ITA"]
[Date "2002.11.01"]
[Round "4"]
[White "Arcion, Riccardo"]
[Black "Smargiassi, Enrico"]
[WhiteElo "1816"]
[BlackElo "1911"]
[Result "1-0"]
[PlyCount "61"]
[EventDate "2002.10.26"]

1. d4 Nf6 2. c4 g6 3. Nc3 d5 4. cxd5 Nxd5 5. e4 Nxc3 6. bxc3 Bg7 7. Bc4 O-O 8.
Ne2 Nc6 9. Be3 b6 10. Qd2 Bb7 11. h4 Na5 12. Bd3 c5 13. Rc1 c4 14. Bb1 e5 15.
h5 Qe7 16. Ng3 Rad8 17. d5 Bc8 18. f3 Nb7 19. Bh6 f6 20. hxg6 hxg6 21. Ke2 Nd6
22. Rh2 Nf7 23. Be3 Bd7 24. Rch1 Qa3 25. Qe1 Qb2+ 26. Bd2 b5 27. Kf1 Nd6 28.
Rh7 Kf7 29. Bc1 Qa1 30. Ba3 Bc8 31. Qc1 1-0

[Event "IV Weekend A"]
[Site "Trieste ITA"]
[Date "2002.11.01"]
[Round "4"]
[White "Fantini, Marco"]
[Black "Pugnetti, Sergio"]
[WhiteElo "1707"]
[BlackElo "1758"]
[Result "0-1"]
[PlyCount "46"]
[EventDate "2002.10.26"]

1. d4 Nf6 2. c4 e5 3. dxe5 Ng4 4. Nf3 Bc5 5. e3 Nc6 6. a3 a5 7. Qd5 Qe7 8. Nc3
Ngxe5 9. Nxe5 Nxe5 10. Be2 O-O 11. O-O Ra6 12. f4 Ng6 13. Ne4 Ba7 14. c5 Re6
15. Bd3 Re8 16. Ng5 Rf6 17. b4 d6 18. Bb2 Qxe3+ 19. Kh1 Nxf4 20. Rxf4 Rxf4 21.
g3 Rf2 22. Bxh7+ Kh8 23. Bd3 Qe1+ 0-1

[Event "IV Weekend A"]
[Site "Trieste ITA"]
[Date "2002.11.01"]
[Round "4"]
[White "Miele, Roberto"]
[Black "Stantic, Severino"]
[WhiteElo "1705"]
[BlackElo "2122"]
[Result "0-1"]
[PlyCount "82"]
[EventDate "2002.10.26"]

1. e4 c5 2. Nf3 d6 3. d4 cxd4 4. Nxd4 Nf6 5. Nc3 a6 6. Bc4 e6 7. Qe2 Be7 8. Bb3
Nc6 9. Nxc6 bxc6 10. e5 Nd5 11. Qg4 Kf8 12. f4 Nxc3 13. bxc3 Qa5 14. O-O dxe5
15. fxe5 Qxe5 16. Bd2 Qc5+ 17. Kh1 Bf6 18. Rf3 h5 19. Qg3 h4 20. Qc7 Qe7 21.
Qb6 Rh5 22. Raf1 Kg8 23. Be3 c5 24. g4 hxg3 25. Rxg3 Qb7+ 26. Qxb7 Bxb7+ 27.
Kg1 Bxc3 28. Bg5 Bd4+ 29. Be3 Bxe3+ 30. Rxe3 Rg5+ 31. Rg3 Rxg3+ 32. hxg3 Rd8
33. Rf2 Rd1+ 34. Rf1 Rxf1+ 35. Kxf1 Kf8 36. c3 Ke7 37. Kf2 Kd6 38. Ke3 Ke5 39.
Bc2 Bd5 40. a3 Bc4 41. Ba4 f5 0-1

[Event "IV Weekend A"]
[Site "Trieste ITA"]
[Date "2002.11.01"]
[Round "4"]
[White "Nedimovic, Ljubisa"]
[Black "De Val, Daniele"]
[WhiteElo "2169"]
[BlackElo "1969"]
[Result "1/2-1/2"]
[PlyCount "103"]
[EventDate "2002.10.26"]

1. d4 Nf6 2. c4 Nc6 3. Nf3 e6 4. Bg5 Bb4+ 5. Nc3 h6 6. Bh4 g5 7. Bg3 Ne4 8. Qd3
d5 9. e3 h5 10. h3 Bxc3+ 11. bxc3 Nxg3 12. fxg3 Qd6 13. Kf2 h4 14. g4 Rg8 15.
Qh7 Qf8 16. cxd5 exd5 17. Bb5 f5 18. Bxc6+ bxc6 19. Qxc7 Bd7 20. gxf5 Qxf5 21.
Qe5+ Kd8 22. Qxf5 Bxf5 23. Ne5 Kc7 24. Rhf1 Rab8 25. Kg1 Rgf8 26. Rf2 Be4 27.
Rxf8 Rxf8 28. Rf1 Rb8 29. Rf7+ Kc8 30. Rf8+ Kc7 31. Rxb8 Kxb8 32. Nxc6+ Kb7 33.
Ne5 Kb6 34. c4 dxc4 35. Nxc4+ Kc6 36. Nb2 Bf5 37. Kf2 Kd5 38. Kf3 Be4+ 39. Kf2
Bf5 40. Ke2 g4 41. hxg4 Bxg4+ 42. Kf2 Ke4 43. Na4 Kd3 44. Nc5+ Kc4 45. a4 a5
46. Ke1 Kc3 47. Kf2 Kc4 48. Kg1 Kb4 49. Kh2 Bc8 50. Kg1 Bg4 51. Kf2 Kc4 52. Ke1
1/2-1/2

[Event "IV Weekend A"]
[Site "Trieste ITA"]
[Date "2002.11.01"]
[Round "4"]
[White "Varini, Massimo"]
[Black "Bortolin, Bruno"]
[WhiteElo "2087"]
[BlackElo "1770"]
[Result "0-1"]
[PlyCount "124"]
[EventDate "2002.10.26"]

1. e4 Nf6 2. e5 Nd5 3. Nc3 Nxc3 4. bxc3 d6 5. f4 g6 6. d4 Bg7 7. Nf3 O-O 8. Bc4
d5 9. Bd3 Bg4 10. Rb1 b6 11. O-O f6 12. Qe1 Bxf3 13. Rxf3 f5 14. Ba3 Re8 15. h3
e6 16. g4 Bf8 17. Bxf8 Rxf8 18. Qf2 Nc6 19. Kg2 Ne7 20. g5 Rc8 21. Ba6 Rb8 22.
h4 c6 23. a4 Qc7 24. Be2 b5 25. axb5 a6 26. h5 Kf7 27. Rh3 cxb5 28. hxg6+ hxg6
29. Rh7+ Ke8 30. Ra1 Qb6 31. Qh4 Kd8 32. Rg7 Re8 33. Qh7 Rc8 34. Ra3 a5 35. Rb3
b4 36. Rxg6 Nxg6 37. Qxg6 Rxc3 38. Qf6+ Kc8 39. Qf7 Rd8 40. Rxc3+ bxc3 41. g6
Rd7 42. g7 Rxf7 43. g8=Q+ Kc7 44. Qxf7+ Kb8 45. Qe8+ Ka7 46. Qd7+ Kb8 47. Qb5
Ka7 48. Qc5 Qxc5 49. dxc5 a4 50. Bf3 Kb7 51. Bxd5+ exd5 52. Kg3 a3 53. Kh4 a2
54. Kg5 a1=Q 55. Kxf5 Qc1 56. e6 Kc6 57. Ke5 Qe3+ 58. Kf5 Qe4+ 59. Kf6 Qxf4+
60. Ke7 Kxc5 61. Kd8 Qd6+ 62. Kc8 Kb6 0-1

[Event "IV Weekend A"]
[Site "Trieste ITA"]
[Date "2002.11.01"]
[Round "5"]
[White "Bortolin, Bruno"]
[Black "Nedimovic, Ljubisa"]
[WhiteElo "1770"]
[BlackElo "2169"]
[Result "0-1"]
[PlyCount "74"]
[EventDate "2002.10.26"]

1. e4 e6 2. d3 d5 3. Nd2 Nf6 4. Ngf3 Be7 5. Be2 O-O 6. O-O b6 7. e5 Nfd7 8. d4
c5 9. c3 Ba6 10. Bxa6 Nxa6 11. Qe2 Nab8 12. Nb3 c4 13. Nbd2 b5 14. Ne1 Nc6 15.
f4 g6 16. g4 b4 17. f5 bxc3 18. bxc3 Qa5 19. Nb1 Rfb8 20. Nf3 Rb7 21. fxe6 fxe6
22. Bg5 Qd8 23. Qe3 Rb2 24. Nbd2 Rab8 25. Bxe7 Qxe7 26. Rf2 Rf8 27. Raf1 Rxa2
28. Qh6 Nd8 29. Ng5 Rxf2 30. Rxf2 Rb2 31. Ngf3 a5 32. h4 Nf7 33. Qe3 a4 34. Rf1
a3 35. Ra1 a2 36. Qe1 Nb6 37. Qc1 Na4 0-1

[Event "IV Weekend A"]
[Site "Trieste ITA"]
[Date "2002.11.01"]
[Round "5"]
[White "Brunato, Davide"]
[Black "Fantini, Marco"]
[WhiteElo "1717"]
[BlackElo "1707"]
[Result "0-1"]
[PlyCount "86"]
[EventDate "2002.10.26"]

1. d4 d5 2. c4 e6 3. Nc3 c5 4. cxd5 exd5 5. Nf3 Nf6 6. Bg5 Be7 7. e3 Nc6 8.
dxc5 Be6 9. Bb5 O-O 10. O-O Bxc5 11. Rc1 Be7 12. Qa4 Qb6 13. Rfd1 a6 14. Bxc6
bxc6 15. Ne5 Rfc8 16. Qc2 Qd8 17. Na4 c5 18. b3 Qa5 19. Nd3 c4 20. b4 Qb5 21.
Ndc5 a5 22. Nxe6 fxe6 23. bxa5 Qxa5 24. Nc3 Bb4 25. Bxf6 gxf6 26. Rd4 Bxc3 27.
Rg4+ Kh8 28. Qxc3 Qxc3 29. Rxc3 Rxa2 30. g3 Rg8 31. Rd4 Kg7 32. e4 Ra5 33. exd5
exd5 34. Rc1 Rc8 35. Rc3 Kf7 36. Kg2 Ke6 37. Rh4 Rc7 38. Kf3 Kd6 39. Ke3 Ra1
40. Kd2 Re7 41. Rd4 Kc5 42. Rf4 d4 43. Rc2 c3+ 0-1

[Event "IV Weekend A"]
[Site "Trieste ITA"]
[Date "2002.11.01"]
[Round "5"]
[White "Miele, Roberto"]
[Black "Capaliku, Aleks"]
[WhiteElo "1705"]
[BlackElo "1786"]
[Result "0-1"]
[PlyCount "76"]
[EventDate "2002.10.26"]

1. e4 c5 2. Nf3 e6 3. d4 cxd4 4. Nxd4 Nf6 5. Nc3 d6 6. Bc4 a6 7. Bb3 Be7 8. Qe2
O-O 9. Be3 b5 10. f3 Qc7 11. g4 Nc6 12. Nxc6 Qxc6 13. O-O-O Nd7 14. h4 Nc5 15.
g5 b4 16. Bxc5 Qxc5 17. Na4 Qa5 18. c3 Bd7 19. cxb4 Qxb4 20. Nc3 Rfc8 21. Qe3
d5 22. exd5 Bd6 23. Kb1 e5 24. h5 a5 25. Bc2 Rab8 26. Bxh7+ Kxh7 27. g6+ Kg8
28. gxf7+ Kxf7 29. Rh2 Rxc3 30. Qg5 Rxf3 31. h6 Qg4 32. Qxg4 Bxg4 33. Rg1 Bf5+
34. Ka1 g6 35. h7 Kg7 36. Rgh1 Rh8 37. a3 e4 38. b4 Bxh2 0-1

[Event "IV Weekend A"]
[Site "Trieste ITA"]
[Date "2002.11.01"]
[Round "5"]
[White "Pugnetti, Sergio"]
[Black "Arcion, Riccardo"]
[WhiteElo "1758"]
[BlackElo "1816"]
[Result "1-0"]
[PlyCount "71"]
[EventDate "2002.10.26"]

1. e4 c5 2. c3 d5 3. exd5 Qxd5 4. d4 cxd4 5. cxd4 e6 6. Nf3 Nc6 7. Nc3 Bb4 8.
Bd3 Nf6 9. O-O Bxc3 10. bxc3 O-O 11. Qe2 h6 12. Rd1 Rd8 13. Bb2 Qh5 14. Rac1
Nd5 15. Qe4 Nf6 16. Qf4 Qg4 17. Qxg4 Nxg4 18. c4 Nf6 19. Bb1 Ne8 20. h3 b6 21.
d5 exd5 22. cxd5 Ne7 23. d6 Rxd6 24. Be4 Rxd1+ 25. Rxd1 Rb8 26. Be5 Bb7 27.
Bxb8 Bxe4 28. Re1 Bxf3 29. Rxe7 Bc6 30. Bxa7 b5 31. Bd4 Nd6 32. Rc7 Be4 33. f3
Bb1 34. a3 Bg6 35. Bc5 Nc4 36. Rb7 1-0